[Event "HUN-chT2 Szechenyi 1718"]
[Site "Hungary"]
[Date "2018.01.28"]
[Round "5.8"]
[White "Suket, Mate"]
[Black "Horvath, Mark"]
[Result "1/2-1/2"]
[WhiteElo "1890"]
[BlackElo "1948"]
[PlyCount "22"]
[EventDate "2017.10.29"]
[EventType "team-tourn"]
[EventRounds "9"]
[EventCountry "HUN"]
[SourceTitle "EXT 2021"]
[Source "ChessBase"]
[SourceDate "2020.10.23"]
[SourceVersion "1"]
[SourceVersionDate "2020.10.23"]
[SourceQuality "1"]
[WhiteTeam "Keszthely Spartacus"]
[BlackTeam "Tapolca VSE II"]
[WhiteTeamCountry "HUN"]
[BlackTeamCountry "HUN"]

1. e4 e5 2. Nf3 Qe7 3. Nc3 c6 4. d3 d6 5. h3 Nf6 6. Bg5 h6 7. Bh4 Na6 8. Qd2 b5 9. a4 b4 10. Nd1 g5 11. Bg3 Nh5 1/2-1/2

[Event "HUN-chT2 Szechenyi 1415"]
[Site "Hungary"]
[Date "2014.11.16"]
[Round "4.6"]
[White "Horvath, Mark"]
[Black "Mihalyfi, Gabor"]
[Result "1/2-1/2"]
[WhiteElo "1950"]
[BlackElo "1996"]
[PlyCount "20"]
[EventDate "2014.09.07"]
[EventType "team-tourn"]
[EventRounds "11"]
[EventCountry "HUN"]
[SourceTitle "EXT 2016"]
[Source "ChessBase"]
[SourceDate "2015.10.08"]
[SourceVersion "1"]
[SourceVersionDate "2015.10.08"]
[SourceQuality "1"]
[WhiteTeam "Tapolca"]
[BlackTeam "Ajka Banyasz"]
[WhiteTeamCountry "HUN"]
[BlackTeamCountry "HUN"]

1. e4 c5 2. Nc3 Nc6 3. f4 d6 4. Nf3 Nf6 5. Bb5 Bd7 6. Qe2 a6 7. Bxc6 Bxc6 8. e5 dxe5 9. fxe5 Nd5 10. e6 f6 1/2-1/2

[Event "HUN-chT2 Szechenyi 1314"]
[Site "Hungary"]
[Date "2013.10.20"]
[Round "3"]
[White "Horvath, Mark"]
[Black "Foki, Robert"]
[Result "1-0"]
[WhiteElo "1930"]
[BlackElo "1857"]
[PlyCount "181"]
[EventDate "2013.09.08"]
[EventType "team-tourn"]
[EventRounds "11"]
[EventCountry "HUN"]
[SourceTitle "EXT 2016"]
[Source "ChessBase"]
[SourceDate "2015.10.08"]
[SourceVersion "1"]
[SourceVersionDate "2015.10.08"]
[SourceQuality "1"]
[WhiteTeam "Tapolca II"]
[BlackTeam "Arboretum"]
[WhiteTeamCountry "HUN"]
[BlackTeamCountry "HUN"]

1. e4 c5 2. Nc3 Nc6 3. f4 e6 4. Nf3 a6 5. a4 Be7 6. g3 Nf6 7. Bg2 0-0 8. 0-0 d5 9. Qe2 dxe4 10. Nxe4 Nd4 11. Nxd4 Qxd4+ 12. Kh1 Nxe4 13. Qxe4 Rb8 14. a5 Qd8 15. Rf3 Bd7 16. Rd3 Qc8 17. g4 f5 18. gxf5 Rxf5 19. Re3 Qc7 20. Rf3 Rf6 21. Rh3 Rg6 22. Rg3 Rh6 23. d3 Bf6 24. c3 Kh8 25. Qe1 Bh4 26. Kg1 Bxg3 27. hxg3 Rf6 28. Be3 Bc6 29. Bh3 Rh6 30. Kh2 Bf3 31. f5 Rh4 32. Bg5 Rxh3+ 33. Kxh3 Qf7 34. Qxe6 Qh5+ 35. Bh4 Re8 36. Qc4 Qxf5+ 37. g4 Bxg4+ 38. Qxg4 Qxd3+ 39. Bg3 Rd8 40. Re1 Qd5 41. Be5 Qf7 42. Re2 h5 43. Qg2 Rd7 44. Kh2 Rd3 45. Bxg7+ Kh7 46. Qe4+ Qg6 47. Qxg6+ Kxg6 48. Be5 Kf5 49. c4 Kg4 50. Rg2+ Kf5 51. Bc3 Rd7 52. Rd2 Rc7 53. Rd6 Ke4 54. Kh3 Kf5 55. Kh4 Ke4 56. Kxh5 Kf5 57. Rd5+ Ke6 58. Kg6 Rc6 59. Re5+ Kd7+ 60. Kf7 Rh6 61. Rxc5 Rh7+ 62. Kg6 Rh1 63. Kf6 Rh6+ 64. Kg5 Rh1 65. Be5 Ke6 66. Bc7 Rb1 67. Be5 Rg1+ 68. Kf4 Rf1+ 69. Ke3 Re1+ 70. Kd4 Rd1+ 71. Kc3 Re1 72. Bd4 Kd7 73. Rh5 Rc1+ 74. Kb4 Rd1 75. Bb6 Rd2 76. b3 Re2 77. Rh7+ Kc8 78. Kc5 Re8 79. Kd6 Kb8 80. Kd7 Rg8 81. Re7 Rc8 82. Re8 Rxe8 83. Kxe8 Kc8 84. Ba7 Kc7 85. Ke7 Kc8 86. Kd6 Kd8 87. Kc5 Kc7 88. b4 b5 89. axb6+ Kb7 90. Kd6 Ka8 91. c5 1-0

[Event "HUN-chT2 Szechenyi 1112"]
[Site "Hungary"]
[Date "2012.03.12"]
[Round "7.11"]
[White "Suket, Mate"]
[Black "Horvath, Mark"]
[Result "1-0"]
[WhiteElo "1731"]
[BlackElo "1933"]
[PlyCount "121"]
[EventDate "2011.09.25"]
[EventType "team-tourn"]
[EventRounds "11"]
[EventCountry "HUN"]
[SourceTitle "EXT 2013"]
[Source "ChessBase"]
[SourceDate "2012.11.22"]
[SourceVersion "1"]
[SourceVersionDate "2012.11.22"]
[SourceQuality "1"]
[WhiteTeam "Alsoszolnok"]
[BlackTeam "Tapolca"]
[WhiteTeamCountry "HUN"]
[BlackTeamCountry "HUN"]

1. e4 e5 2. Nf3 Qe7 3. Nc3 c6 4. d3 Nf6 5. Bg5 d6 6. Be2 Be6 7. d4 Bg4 8. dxe5 dxe5 9. h3 Bh5 10. Qd2 Nbd7 11. 0-0-0 0-0-0 12. Bc4 Qc5 13. Bxf6 gxf6 14. Bb3 Bg6 15. Kb1 h5 16. Rhf1 Bh6 17. Qd6 Qxd6 18. Rxd6 Nc5 19. Rxd8+ Rxd8 20. Re1 Bd2 21. Nxd2 Rxd2 22. Rf1 Nxe4 23. Nxe4 Bxe4 24. Kc1 Rd7 25. f3 Bd5 26. g4 Bxb3 27. axb3 Rd8 28. f4 hxg4 29. hxg4 Rd7 30. fxe5 fxe5 31. Rf5 Re7 32. Kd2 Kd7 33. Ke3 Ke6 34. Rh5 f6 35. Rh8 Rg7 36. Kf3 b6 37. b4 e4+ 38. Kf4 Rg5 39. c4 Ke7 40. Rh4 Re5 41. Ke3 a5 42. bxa5 bxa5 43. b3 Kd6 44. Rh6 Re6 45. Rh5 Re5 46. Rh6 Ke6 47. Rh4 Kf7 48. Rh3 Kg6 49. Kf4 e3 50. Rxe3 Rxe3 51. Kxe3 Kg5 52. Kf3 f5 53. gxf5 Kxf5 54. Ke3 Ke5 55. Kd3 c5 56. Kc3 Ke4 57. Kb2 Kd3 58. Ka3 Kc3 59. Ka4 Kb2 60. Kxa5 Ka3 61. Kb5 1-0

[Event "HUN-chT2 Szechenyi 1112"]
[Site "Hungary"]
[Date "2011.11.27"]
[Round "4.11"]
[White "Kurcsics, Erika"]
[Black "Horvath, Mark"]
[Result "0-1"]
[WhiteElo "1628"]
[BlackElo "1933"]
[PlyCount "82"]
[EventDate "2011.09.25"]
[EventType "team-tourn"]
[EventRounds "11"]
[EventCountry "HUN"]
[SourceTitle "EXT 2013"]
[Source "ChessBase"]
[SourceDate "2012.11.22"]
[SourceVersion "1"]
[SourceVersionDate "2012.11.22"]
[SourceQuality "1"]
[WhiteTeam "Lovo"]
[BlackTeam "Tapolca"]
[WhiteTeamCountry "HUN"]
[BlackTeamCountry "HUN"]

1. c4 f5 2. Nc3 Nf6 3. g3 e5 4. Bg2 Nc6 5. e3 Bb4 6. Nge2 d6 7. a3 Bxc3 8. Nxc3 Be6 9. b3 Qe7 10. 0-0 Bf7 11. Bb2 Rb8 12. Re1 a6 13. d4 0-0 14. d5 Nd8 15. Qc2 Bg6 16. Qd2 Nf7 17. h4 Nd7 18. Na4 b5 19. Nc3 Nc5 20. Qd1 h6 21. cxb5 e4 22. Bf1 Ne5 23. Be2 Ncd3 24. Bxd3 Nxd3 25. Rf1 Nxb2 26. Qc2 Nd3 27. bxa6 Bh5 28. b4 g5 29. f3 gxh4 30. gxh4 Qxh4 31. Qg2+ Kh7 32. Qh2 Rg8+ 33. Kh1 Bxf3+ 34. Rxf3 Qxh2+ 35. Kxh2 exf3 36. Rf1 f2 37. Nd1 Rg1 38. Rxg1 fxg1Q+ 39. Kxg1 Rb6 40. Nc3 Rxa6 41. a4 Nxb4 0-1

[Event "HUN-chT2 Szechenyi 0708"]
[Site "Hungary"]
[Date "2008.04.27"]
[Round "10"]
[White "Horvath, Mark"]
[Black "Toth, Laszlo"]
[Result "1-0"]
[WhiteElo "1942"]
[BlackElo "2044"]
[PlyCount "151"]
[EventDate "2007.10.14"]
[EventType "team"]
[EventRounds "11"]
[EventCountry "HUN"]
[SourceTitle "EXT 2009"]
[Source "ChessBase"]
[SourceDate "2008.11.26"]
[SourceVersion "1"]
[SourceVersionDate "2008.11.26"]
[SourceQuality "1"]
[WhiteTeam "Tapolca Szeremley"]
[BlackTeam "Zala Volan"]
[WhiteTeamCountry "HUN"]
[BlackTeamCountry "HUN"]

1. e4 e5 2. Nf3 Nc6 3. Bb5 a6 4. Ba4 Nf6 5. 0-0 Be7 6. Re1 b5 7. Bb3 d6 8. h3 Na5 9. d3 c5 10. Bd2 Nxb3 11. axb3 b4 12. Bg5 h6 13. Bh4 g5 14. Bg3 g4 15. hxg4 Bxg4 16. Nbd2 h5 17. Qb1 Nh7 18. Nh2 Bg5 19. Nc4 Nf6 20. f3 h4 21. Bf2 Be6 22. Qa2 Kf8 23. Qa5 Kg7 24. Qxd8 Rhxd8 25. Ra5 Ne8 26. Nf1 Rdb8 27. Rea1 Bc8 28. Nfe3 Bd8 29. R5a2 Ra7 30. Na5 Bxa5 31. Rxa5 h3 32. g4 Kg6 33. Bh4 f6 34. Kh2 Rh7 35. Bg3 Nc7 36. Nc4 Nb5 37. Bf2 Bb7 38. Rg1 Rd8 39. Rg3 Nc7 40. Rxh3 Rxh3+ 41. Kxh3 Ne6 42. Be3 Nc7 43. Ra1 Ne6 44. Kg2 d5 45. exd5 Rxd5 46. Rh1 Rd8 47. Nd2 Nd4 48. Bxd4 cxd4 49. Ra1 f5 50. gxf5+ Kxf5 51. Ra4 Rc8 52. Nc4 Rg8+ 53. Kf2 Kf4 54. c3 Bxf3 55. cxd4 Rg2+ 56. Kf1 Kg3 57. Rxa6 Rf2+ 58. Ke1 Re2+ 59. Kd1 Rxb2+ 60. Kc1 Rxb3 61. Nxe5 Be2 62. Kc2 Rc3+ 63. Kd2 Bf1 64. Rg6+ Kh4 65. Rg1 Bh3 66. Ng6+ Kh5 67. Nf4+ Kh4 68. Rh1 Kg3 69. Ne2+ Kg2 70. Rxh3 Ra3 71. Rh8 Ra2+ 72. Ke3 Ra7 73. Nf4+ Kg3 74. Rg8+ Kh4 75. Rb8 Kg4 76. Nd5 1-0

[Event "HUN-chT2 Szechenyi 0708"]
[Site "Hungary"]
[Date "2007.12.09"]
[Round "4"]
[White "Horvath, Mark"]
[Black "Hagymasi, Janos"]
[Result "0-1"]
[WhiteElo "1942"]
[BlackElo "2000"]
[PlyCount "59"]
[EventDate "2007.10.14"]
[EventType "team"]
[EventRounds "11"]
[EventCountry "HUN"]
[SourceTitle "EXT 2009"]
[Source "ChessBase"]
[SourceDate "2008.11.26"]
[SourceVersion "1"]
[SourceVersionDate "2008.11.26"]
[SourceQuality "1"]
[WhiteTeam "Tapolca Szeremley"]
[BlackTeam "Veszprem"]
[WhiteTeamCountry "HUN"]
[BlackTeamCountry "HUN"]

1. e4 e5 2. Nf3 Nc6 3. Bb5 a6 4. Ba4 f5 5. Bxc6 dxc6 6. 0-0 fxe4 7. Nxe5 Qd4 8. Ng4 h5 9. Ne3 Bd6 10. Qe1 Qe5 11. g3 Bh3 12. Ng2 0-0-0 13. f4 Qc5+ 14. Qe3 Qf5 15. Qc3 Nf6 16. b4 Bxg2 17. Kxg2 h4 18. h3 Nh5 19. g4 Nxf4+ 20. Kh1 Qb5 21. Re1 Be5 22. Qe3 Bxa1 23. Qxf4 Rhf8 24. Qxe4 Rde8 25. Qxe8+ Rxe8 26. Rxe8+ Kd7 27. Re1 Qd5+ 28. Kh2 Be5+ 29. Kg1 Bd4+ 30. Kh2 0-1

[Event "HUN-chT2 Szechenyi 0607"]
[Site "Hungary"]
[Date "2007.04.29"]
[Round "9"]
[White "Horvath, Mark"]
[Black "Mazak, Lajos"]
[Result "0-1"]
[WhiteElo "1943"]
[BlackElo "2009"]
[PlyCount "156"]
[EventDate "2006.11.12"]
[EventType "team"]
[EventRounds "11"]
[EventCountry "HUN"]
[SourceTitle "EXT 2008"]
[Source "ChessBase"]
[SourceDate "2007.11.25"]
[SourceVersion "1"]
[SourceVersionDate "2007.11.25"]
[SourceQuality "1"]
[WhiteTeam "Tapolca Varju"]
[BlackTeam "Peti MTE"]
[WhiteTeamCountry "HUN"]
[BlackTeamCountry "HUN"]

1. e4 c5 2. Nc3 d6 3. f4 Nf6 4. Nf3 a6 5. d4 cxd4 6. Nxd4 Qc7 7. Bd3 e5 8. Nf3 Be6 9. f5 Bc4 10. 0-0 Nbd7 11. Be3 Ng4 12. Qe2 Bxd3 13. cxd3 Nxe3 14. Qxe3 Qc5 15. Nd5 Qxe3+ 16. Nxe3 Rc8 17. Nd5 Rc6 18. Rac1 Nc5 19. Rfd1 a5 20. a3 Be7 21. b4 axb4 22. axb4 Nb3 23. Rb1 Nd4 24. Nxd4 exd4 25. b5 Rc5 26. Rb4 Kd7 27. Rdb1 Rb8 28. Rxd4 f6 29. Ra4 Bd8 30. Rb2 Rbc8 31. Raa2 Rc1+ 32. Kf2 Rd1 33. Ke3 Rdc1 34. Ra7 Rb8 35. Kd2 Rg1 36. Kc3 Rc1+ 37. Kb4 Rd1 38. Ra3 Rc1 39. Rc3 Rxc3 40. Kxc3 Ra8 41. Kb3 Ra5 42. Nc3 Kc7 43. Nd5+ Kd7 44. Kc4 Ra4+ 45. Kc3 Ra3+ 46. Rb3 Ra2 47. Rb2 Ra3+ 48. Kc4 Ra4+ 49. Kb3 Ra5 50. Kc2 Ra1 51. Nf4 Bb6 52. Ne6 g5 53. fxg6 Kxe6 54. gxh7 Ra8 55. Rb4 Ke5 56. Rc4 Rh8 57. h3 Rxh7 58. Kc3 Rg7 59. Rc8 Rc7+ 60. Rxc7 Bxc7 61. h4 Bb6 62. h5 Be3 63. Kc4 Bh6 64. g3 b6 65. g4 Bg5 66. Kc3 d5 67. exd5 Kxd5 68. d4 Ke4 69. Kc4 Be3 70. d5 Ke5 71. Kd3 Bh6 72. Kc4 Bg5 73. d6 Kxd6 74. Kd4 Ke6 75. Ke4 Bh6 76. Kd4 f5 77. gxf5+ Kxf5 78. Kd5 Be3 0-1

[Event "HUN-chT2 Szechenyi 0506"]
[Site "Hungary"]
[Date "2006.02.26"]
[Round "8"]
[White "Horvath, Mark"]
[Black "Domonkos, Jozsef"]
[Result "1-0"]
[WhiteElo "1875"]
[BlackElo "1688"]
[PlyCount "107"]
[EventDate "2005.10.16"]
[EventType "team"]
[EventRounds "11"]
[EventCountry "HUN"]
[SourceTitle "EXT 2009"]
[Source "ChessBase"]
[SourceDate "2008.11.26"]
[SourceVersion "1"]
[SourceVersionDate "2008.11.26"]
[SourceQuality "1"]
[WhiteTeam "Tapolca Varju"]
[BlackTeam "HEMO"]
[WhiteTeamCountry "HUN"]
[BlackTeamCountry "HUN"]

1. e4 c5 2. Nf3 Nc6 3. d4 cxd4 4. Nxd4 Nf6 5. Nc3 d6 6. Be3 Bd7 7. f3 g6 8. Qd2 Bg7 9. 0-0-0 0-0 10. Bc4 Nxd4 11. Bxd4 Bc6 12. Be3 Qc8 13. Bb3 b5 14. Nd5 Qb7 15. Nxf6+ Bxf6 16. h4 a5 17. Bd5 a4 18. a3 Rac8 19. h5 Bxd5 20. exd5 Qc7 21. Kb1 Qc4 22. c3 Qb3 23. Bd4 Bxd4 24. Qxd4 Rc4 25. Qd2 b4 26. cxb4 Rc7 27. Qd3 Rfc8 28. Qxb3 axb3 29. Rd2 gxh5 30. Rg1 f5 31. Rd3 Rc2 32. Rxb3 Rd2 33. Rc3 Rxc3 34. bxc3 Rxd5 35. a4 Kf8 36. a5 Rb5 37. Kb2 Ke8 38. Kb3 Kd7 39. c4 Rb8 40. Re1 f4 41. a6 e5 42. Rd1 Kc6 43. b5+ Kc7 44. Kb4 Rb6 45. Ra1 Kb8 46. Ka5 Ka7 47. Rh1 d5 48. Rxh5 h6 49. Rxe5 Rg6 50. Re7+ Ka8 51. b6 Rg8 52. cxd5 h5 53. d6 h4 54. d7 1-0

[Event "Ajka Borostyan Cup"]
[Site "Ajka"]
[Date "2005.07.02"]
[Round "1"]
[White "Boguszlavszkij, Jevgenyij"]
[Black "Horvath, Mark"]
[Result "1-0"]
[WhiteElo "2318"]
[BlackElo "1875"]
[PlyCount "37"]
[EventDate "2005.07.02"]
[EventType "swiss"]
[EventRounds "9"]
[EventCountry "HUN"]
[SourceTitle "EXT 2008"]
[Source "ChessBase"]
[SourceDate "2007.11.25"]
[SourceVersion "1"]
[SourceVersionDate "2007.11.25"]
[SourceQuality "1"]

1. d4 d5 2. Bf4 Nf6 3. Nc3 a6 4. g3 Bf5 5. Bg2 e6 6. Nf3 Bb4 7. 0-0 Bxc3 8. bxc3 Ne4 9. c4 Nd7 10. cxd5 exd5 11. c4 dxc4 12. Nh4 g6 13. f3 Nef6 14. e4 Nh5 15. Bc1 Be6 16. d5 g5 17. dxe6 fxe6 18. f4 Nxg3 19. hxg3 1-0